| 000 | 01631nas a2200277Ia 4500 | ||
|---|---|---|---|
| 001 | R240-R2945 | ||
| 003 | IT-CnALBA | ||
| 008 | 170116c99999999xx |||||||||||| ||und|| | ||
| 040 |
_aIT-CnALBA _cIT-CnALBA |
||
| 041 | _aITALIANO | ||
| 100 | _aRIBOLDI MONS. ANTONIO | ||
| 210 | _aSE VUOI | ||
| 222 | _aSE VUOI | ||
| 245 | 0 | _aSE VUOI. RIVISTA DI ORIENTAMENTO. N. V. ANNO XXXIV. SETTEMBRE OTTOBRE 1993. LIBERTÀ. | |
| 250 | _a1a ed. | ||
| 260 |
_aCINISELLO BALSAMO (MI) _bEDIZIONI PAOLINE _c1993 |
||
| 300 | _a66 p. | ||
| 310 | _aBIMESTRALE | ||
| 362 | _aFascicolo: 5 / Anno: 34 (1993) | ||
| 500 | _aLIBERTÀ INTERIORE. DON MARIO PICCHI E LA REALTÀ GIOVANILE. CANTI POESIE PREGHIERE DI VARI PAESI. SARA E REBECCA. RICERCA DELLA VERITÀ DELLA VITA, MESSAGGIO DI GIOVANNI PAOLO II PER LA GIORNATA DELLA GIOVENTÙ. LIBERA LA TUA LIBERTÀ, FOTOLINFUAGGIO. BELLEZZA DEL CUORE UMANO DONO. VOLONTARIATO. OBIETTORE A SARAJEVO. VITA NELLA LIBERTÀ. RECENSIONE LIBRI. BOSETTI E. DAL MOLIN N. MASTANTUONO A. GENTILI A.M. | ||
| 501 | _aSocietà San Paolo EM - Piazza San Paolo, 14 - 12051 ALBA (CN) (non commercial uses only) ® Copyright 2017 | ||
| 520 | _aLIBERTÀ INTERIORE. DON MARIO PICCHI E LA REALTÀ GIOVANILE. CANTI POESIE PREGHIERE DI VARI PAESI. SARA E REBECCA. RICERCA DELLA VERITÀ DELLA VITA, MESSAGGIO DI GIOVANNI PAOLO II PER LA GIORNATA DELLA GIOVENTÙ. LIBERA LA TUA LIBERTÀ, FOTOLINFUAGGIO. BELLEZZA DEL CUORE UMANO DONO. VOLONTARIATO. OBIETTORE A SARAJEVO. VITA NELLA LIBERTÀ. RECENSIONE LIBRI. BOSETTI E. DAL MOLIN N. MASTANTUONO A. GENTILI A.M. | ||
| 650 | _aVOCAZIONE | ||
| 942 | _cCR | ||
| 957 | _71 | ||
| 999 |
_a12989 _bNO _g1 _c321044 _d321044 |
||